000 00929cam a22002897a 4500
003 CHAP
005 20220329133938.0
008 971013c19751964 r 00010 d
010 _a13033
011 _a14005
035 _a18078
040 _cCHAP
082 _a330.109
_bH45Y
100 0 0 _aHeilbroner, Robert L.
_953338
245 1 3 _aLa formación de la sociedad económica
260 _aMéxico, D. F. :
_bFondo de Cultura Económica,
_c1975 (c.1964)
300 _a422 p.
590 _aBATCH-UPD
_b10
_c20130110
_lUCH01
_h1826
590 _aBATCH-UPD
_b10
_c20130410
_lUCH01
_h1159
590 _aBATCH-UPD
_b10
_c20130914
_lUCH01
_h1230
590 _aCONVERSION
_b10
_c20130109
_lUCH01
_h1308
650 1 4 _aEconomía
_xHistoria.
_935238
901 _aBK
942 _cLIBRO
949 _a330.109 H45Y
_bBC
_cLIBRO
_d33724000315149
_eLIBRO
_i18078
_si
949 _a330.109 H45Y
_bBC
_cLIBRO
_d33724000686556
_eLIBRO
_fc.2
_h92039
_i18078
_si
999 _c13033
_d13033